El movimiento español 1959: entre la revolución cubana y los servicios secretos mexicanos /
Comprende el origen, alcance y desarrollo del fenómeno político llamado Movimiento Español 1959, además se acerca a la posición de las autoridades mexicanas al respecto. Para esto, se contextualiza el Movimiento, se busca comprender su vinculación ideológica con la Revolución Cubana y comprobar su a...
Gespeichert in:
| 1. Verfasser: | |
|---|---|
| Format: | Buch |
| Sprache: | Spanish |
| Schlagworte: | |
| Tags: |
Tag hinzufügen
Keine Tags, Fügen Sie den ersten Tag hinzu!
|
MARC
| LEADER | 00000nam a22000007a 4500 | ||
|---|---|---|---|
| 003 | cru CIDCACS/IIS | ||
| 005 | 20200611062546.0 | ||
| 007 | ta | ||
| 008 | 170810t mx |||p|r|||| 00| 0 spa d | ||
| 999 | |c 19570 |d 19570 | ||
| 040 | |c cru CIDCACS/IIS | ||
| 100 | 1 | |9 5151 |a Velázquez Hernández, Aurelio | |
| 245 | 1 | 3 | |a El movimiento español 1959: |b entre la revolución cubana y los servicios secretos mexicanos / |c Aurelio Velázquez Hernández |
| 300 | |a Páginas 129-155 | ||
| 520 | |a Comprende el origen, alcance y desarrollo del fenómeno político llamado Movimiento Español 1959, además se acerca a la posición de las autoridades mexicanas al respecto. Para esto, se contextualiza el Movimiento, se busca comprender su vinculación ideológica con la Revolución Cubana y comprobar su alcance y significado. Además, se revisan los informes de la Dirección Federal de Seguridad de México. Se finaliza demostrando cómo los servicios secretos de este país se preocuparon de mantener vigilados a los principales actores del movimiento. | ||
| 650 | 1 | 0 | |9 137 |a REVOLUCION |
| 650 | 1 | 0 | |9 3633 |a CONFLICTOS POLITICOS |
| 650 | 1 | 0 | |a MOVIMIENTOS SOCIALES |9 3 |
| 650 | 4 | |9 1937 |a GUERRA CIVIL | |
| 650 | 1 | 0 | |9 5376 |a FRANQUISMO |
| 650 | 1 | 0 | |9 5182 |a REVOLUCION CUBANA |
| 651 | 1 | 0 | |a MEXICO |9 3410 |
| 773 | 0 | |0 19263 |9 1100 |a Universidad Nacional Autónoma de México (UNAM) |d México: UNAM N° 36 (2003- ) |o 18296 |t Latinoamérica: |x 16658574 | |
| 942 | |2 ddc |c PP | ||
